00000000nam 2200000za 4500
0019.644546
003CaOODSP
00520200330231302
007ta
008150407|1992||||xxc|||||     f|0| 0 eng d
020 |a0-662-19629-5
040 |aCaOODSP|beng
043 |an-cn---
0861 |aEn40-432/1992E
1101 |aCanada.|bEnvironment Canada. |bEnvironmental Protection.
24510|aWorking your way to a green office : |ba guide to creating an environmentally friendly office / |cIssued by the Office of Waste Management.
260 |aOttawa - Ontario : |bEnvironment Canada. |c1992.
300 |a48p. : |breferences ; |c23 cm.
563 |aSoftcover
590 |a92-44|b1992-10-30
69007|aEnvironmental protection|2gcpds
69007|aWorkplace pollution|2gcpds
77508|tLe bureau écologique : |w(CaOODSP)9.678377
7760#|tWorking your way to a green office |w(CaOODSP)9.823581